MANUAL OF PRACTICAL PHYSIOLOGY FOR MBBS (Record no. 14105)

MARC details
000 -LEADER
fixed length control field 00346nam a22001577a 4500
003 - CONTROL NUMBER IDENTIFIER
control field SGT
020 ## - INTERNATIONAL STANDARD BOOK NUMBER
International Standard Book Number 978-81-7855-741-0
082 ## - DEWEY DECIMAL CLASSIFICATION NUMBER
Classification number 612
Item number M17J
100 ## - MAIN ENTRY--PERSONAL NAME
Personal name JAIN, A.K.
245 ## - TITLE STATEMENT
Title MANUAL OF PRACTICAL PHYSIOLOGY FOR MBBS
250 ## - EDITION STATEMENT
Edition statement 5TH
260 ## - PUBLICATION, DISTRIBUTION, ETC. (IMPRINT)
Place of publication, distribution, etc INDIA
Name of publisher, distributor, etc ARYA
Year of Publication 2017
300 ## - PAGE DESCRIPTION
No. of Pages 307
650 ## - SUBJECT ADDED ENTRY--TOPICAL TERM
Topical term or geographic name as entry element PHYSIOLOGY
942 ## - ADDED ENTRY ELEMENTS (KOHA)
Source of classification or shelving scheme Dewey Decimal Classification
Koha item type Books
942 ## - ADDED ENTRY ELEMENTS (KOHA)
-- 246
Holdings
Withdrawn status Lost status Source of classification or shelving scheme Damaged status Not for loan Collection code Home library Current library Shelving location Date acquired Vendor Name Cost, normal purchase price SGTU Bill Number Total Checkouts Full call number Accession No. (Barcode) Date last seen Date last borrowed Bill Date Koha item type Total Renewals
    Dewey Decimal Classification     MEDICAL SGT Medical Library SGT Medical Library Text Book 21/12/2017 ABC DELHI 475.00 SGTU 8923 39 612 M17J FM10126 08/09/2025 27/08/2025   Books  
    Dewey Decimal Classification     MEDICAL SGT Medical Library SGT Medical Library Text Book 21/12/2017 ABC DELHI 475.00 SGTU 8923 22 612 M17J FM10127 13/05/2026 13/05/2026   Books  
    Dewey Decimal Classification     MEDICAL SGT Medical Library SGT Medical Library Text Book 21/12/2017 ABC DELHI 475.00 SGTU 8923 52 612 M17J FM10128 19/02/2026 19/02/2026   Books 2
    Dewey Decimal Classification     MEDICAL SGT Medical Library SGT Medical Library Text Book 21/12/2017 ABC DELHI 475.00 SGTU 8923 45 612 M17J FM10129 22/05/2026 07/05/2026   Books  
    Dewey Decimal Classification     MEDICAL SGT Medical Library SGT Medical Library Text Book 21/12/2017 ABC DELHI 475.00 SGTU 8923 40 612 M17J FM10130 17/11/2025 12/11/2025   Books  
    Dewey Decimal Classification     MEDICAL SGT Medical Library SGT Medical Library Text Book 21/12/2017 ABC DELHI 475.00 SGTU 8923 36 612 M17J FM10131 06/09/2025 27/08/2025   Books  
    Dewey Decimal Classification     MEDICAL SGT Medical Library SGT Medical Library Text Book 21/12/2017 ABC DELHI 475.00 SGTU 8923 42 612 M17J FM10132 08/09/2025 29/08/2025   Books  
    Dewey Decimal Classification     MEDICAL SGT Medical Library SGT Medical Library Text Book 21/12/2017 ABC DELHI 475.00 SGTU 8923 34 612 M17J FM10133 18/05/2026 13/05/2026   Books 2
    Dewey Decimal Classification     MEDICAL SGT Medical Library SGT Medical Library Text Book 21/12/2017 ABC DELHI 475.00 SGTU 8923 31 612 M17J FM10134 02/09/2025 27/08/2025   Books  
    Dewey Decimal Classification     MEDICAL SGT Medical Library SGT Medical Library Text Book 21/12/2017 ABC DELHI 475.00 SGTU 8923 39 612 M17J FM10135 30/10/2025 28/10/2025   Books 1